Quizzes
Events
Quiz Creation
Community
Videos
Private Events
Remove Ads
Sign In
Join for FREE
Feedback
Dark Mode
Quiz Categories
Sports
Geography
Music
Movies
Television
Just For Fun
Miscellaneous
History
Literature
Language
Science
Gaming
Entertainment
Religion
Holiday
For Kids
Quiz Lab
Recent
Popular Today
Quiz Kudos Today
Editor Picks
Curator Picks
Quizzes by...
Day
Popularity
Type
Ratings
Length
Year
Community
Subscriptions
Recent Discussions
Orange Saloon
Badges
Playlists
Quests
Create
Leaderboards
Showdown
Live 5
Trivia Bingo
Activity
Puzzle Library
Sporcle Events
Private Events
Virtual Trivia
Globe League
Become a Host
Pub Owners
SporcleCon
Opinionation
Our Games
Videos
Blog
Mobile Apps
Partnerships
Remove Ads and Go Orange
Feedback
Sports
Athletes
MLB
NBA
NHL
NFL
Soccer
Sports Teams
WWE
NCAA
Football
Premier League
Basketball
Baseball
Hockey
Golf
Tennis
Cricket
Rugby
Auto Racing
Olympics
World Cup
Sports
Athletes
MLB
NBA
NHL
NFL
Soccer
Sports Teams
WWE
NCAA
Football
Premier League
Basketball
Baseball
Hockey
Golf
Tennis
Cricket
Rugby
Auto Racing
Olympics
World Cup
Random Quiz
Search Sporcle
×
Quiz Lab
Quiz Lab
Sports
Most Recent
Type in answers that appear in a list
Type in answers that appear in a list
Classic
Best Score? Go Orange.
Current Spain Squad Stats
Can you name the Most Recent Spain Squad (as of ?
By
rbode17
8m
23 Questions
124 Plays
124 Plays
124 Plays
Comments
Comments
Give Quiz Kudos
Give Quiz Kudos
-
- Ratings
hide this ad
More Info
Replay
Link that replays current quiz
Next Quiz
Link to next quiz in quiz playlist
You Got
0%
They Got
Avg Score
67%
Avg Friend Score
Upgrade to see
Score Distribution
Jump to the score distribution portion of the page
Score
0/23
Timer
08:00
0
Plays Today
% Correct
Iker Casillas
98.4%
Fernando Torres
95.2%
Sergio Ramos
92.7%
Victor Valdes
91.9%
Gerard Pique
91.9%
Andres Iniesta
91.9%
David Villa
91.9%
Pepe Reina
90.3%
David Silva
89.5%
Xabi Alonso
86.3%
Sergio Busquets
79%
Pedro Rodriguez
75.8%
% Correct
Alvaro Arbeloa
73.4%
Raul Albiol
64.5%
Fernando Llorente
64.5%
Santi Cazorla
46.8%
Joan Capdevila
45.2%
Alvaro Negredo
42.7%
Bruno Soriano
39.5%
Carlos Marchena
33.1%
Borja Valero
23.4%
Andoni Iraola
19.4%
Manu del Moral
8.9%
Quiz Playlist
Details
Report
Send in Message
Add To Playlist
More Info:
Squad current as of upcoming friendlies against USA on June 4 and Venezuela on June 7.
Classic:
Type in answers that appear in a list
Quiz Source
Last Updated: Feb 16, 2017
Quiz Scoreboard
CHALLENGE
Sign Up to Join the Scoreboard
Show All
Scores
Hide
Comments
May contain spoilers
Recently Published
College Basketball Coaching Resumes
by pancakes188
Sports
9m
Billboard Blitz: Fleetwood Mac
by CooCooCachoo
Music
15s
Presidents Visiting Landmarks
by Hejman
History
7m
More to Explore
Quiz From the Vault
Featured Blog Post
Where Did the Easter Bunny Come From?
hide this ad
You Might Also Like...
Tags
Most Recent
recent
Spain
Squad
Today's Top Quizzes in Sports
Browse Sports
hide this ad
Today's Top Quizzes in Most Recent
Browse Most Recent
Top Contributed Quizzes in Sports
1
2022 World Cup Stars
2
Les meilleurs buteurs des matchs entre le PSG et l’OM
3
FIFA Club World Cup Champions
4
Les entraîneurs de l'OM et du PSG au 21e siècle
5
Criteria MLB: Left Handed Sluggers
6
AFC Teams Reveal (Wrong Answers Minefield)
7
5-to-1: UK Sports Teams
8
5-to-1: FBS Animal Nicknames
9
2023 MLB Unique Player Accomplishments
10
Name the Premier League winners with different clubs
Explore More
Trending Topics
Harry Potter
Kpop
NBA
Anime
Marvel
Crossword
Disney
Soccer
Pokémon
Puzzle
The Office
WWE
Song
Country
NFL
hide this ad
More By:
rbode17
Quiz
Plays
Rating
Category
Featured
Created
Players Rated 99 in Madden History
8,390
4.56
Sports
Jul 19, 2011
Top 100 Football Players in the World
4,189
4.60
Sports
May 10, 2011
Alma Maters of Current NFL Players
160
5.00
Sports
May 4, 2011
Current Germany Squad
136
3.00
Sports
May 3, 2011
Current Italy Squad
127
3.00
Sports
May 3, 2011
Go to Creator's Profile
Score Distribution
Quiz Creator Spotlight
rbode17
Follow
Send a Message
Quizzes Created
-
Created Quiz Play Count
-
More By This Creator
Popular Quizzes Today
1
Find the US States - No Outlines Minefield
2
Find the Countries of Europe - No Outlines Minefield
3
The Countries of the World
4
Find the US States
5
Risky Map Clicking: Biggest States A-Z
6
US States
7
Popular People in 1961
8
Movies - When Are They Set?
More Sports Quizzes
Ballon d'Or 2013 Nominees
Quiz Lab
Trending Quizzes
Risky Map Clicking: Least Populous States A-Z
1-10 Letter G Words
1-10 Letter F Words
Risky Map Clicking: Next State Alphabetically
Risky Map Clicking: Biggest States A-Z
Recently Updated
Leaping Animals
pecheneg
Reality TV Shows (A-Z)
bhenderson79
Rickey Henderson's Hall of Fame Teammates
pecheneg
Champions League XIs: Arsenal
pecheneg
Quick Pick: Celebrities in WWE's Hall of Fame
aduchscher
A-Z Keypad Blitz II
pecheneg
Multiple Oscar Actors
pecheneg
Mystery Phrase Blitz: Oscar 'Best Actors'
pecheneg
F. Scott Fitzgerald Novels
LTH
Pick 3 Villains
ddd62291
Trending Topics
NBA
Disney
Marvel
Kpop
Crossword
Anime
Harry Potter
WWE
NFL
Puzzle
Soccer
Song
The Office
Pokémon
Country
Your Account Isn't Verified!
In order to create a playlist on Sporcle, you need to verify the email address you used during registration. Go to your
Sporcle Settings
to finish the process.
Report this User
Report this user for behavior that violates our
Community Guidelines
.
Details:
Send Report
Go to the Sporcle.com Mobile Site →
Comments